| 000 | 01196nam a22003617a 4500 | ||
|---|---|---|---|
| 001 | BR7100907 | ||
| 003 | BR-BrBNA | ||
| 005 | 20230928083719.0 | ||
| 007 | ta | ||
| 008 | 230509b bl.||||| |||| 00| 0 por d | ||
| 040 |
_aBR-BrBNA _bpor _cBiblioteca Nacional de Agricultura |
||
| 041 | _a(Por) | ||
| 072 |
_aH70 _b1440 _b3575 _b4020 _b/G514 |
||
| 090 | _ 1440 BR7100907 | ||
| 100 | 1 | _aSantos, J.H.R. dos (Universidade Federal do Ceara, Fortaleza (Brazil)) | |
| 110 | 1 |
_aEscola Superior de Agricultura Luiz de Queiroz, Piracicaba, SP (Brasil) _0Tese (Magister Scientiae) |
|
| 245 | 1 | _aAspectos da biologia do Callosobruchus maculatus (Fabr., 1792)(Col. bruchidae)sobre sementes de Vigna sinensis Endl. [Feijao de corda, gorgulho, regiao nordeste, Brasil] | |
| 260 | 3 |
_aPiracicaba, SP (Brasil): _c1971. |
|
| 300 | _a87 p. | ||
| 500 | _aSummaries (Eng, Por); 31 ref.; 31 tables | ||
| 650 | _aFEIJAO | ||
| 650 | _aSEMENTE | ||
| 650 | _aGORGULHO | ||
| 650 | _aINSETO | ||
| 650 | _aOVO | ||
| 650 | _aINFESTACAO | ||
| 650 | _aERRADICACAO | ||
| 650 | _aBIOLOGIA | ||
| 650 | _aUMIDADE RELATIVA | ||
| 650 | _aREGIAO NORDESTE | ||
| 909 |
_a202309 _bLucia _c55 _dLucia Elande |
||
| 942 | _cBK | ||
| 999 |
_c14908 _d14908 |
||